[Event "Hastings Masters"]
[Site "?"]
[Date "2010.01.02"]
[Round "6.1"]
[White "Istratescu, Andrei"]
[Black "Edouard, Romain"]
[Result "1/2-1/2"]
[WhiteElo "2624"]
[BlackElo "2620"]
[PlyCount "35"]
[EventDate "2010.??.??"]
[SourceDate "2010.01.02"]

1. d4 d5 2. c4 c6 3. Nf3 Nf6 4. Nc3 e6 5. Bg5 h6 6. Bxf6 Qxf6 7. e3 Nd7 8. Bd3
dxc4 9. Bxc4 g6 10. O-O Bg7 11. e4 e5 12. d5 Nb6 13. Bb3 O-O 14. Rc1 Rd8 15.
Qe2 Bg4 16. dxc6 bxc6 17. Nd1 a5 18. Ne3 1/2-1/2

[Event "Hastings Masters"]
[Site "?"]
[Date "2010.01.02"]
[Round "6"]
[White "Drozdovskij, Yuri"]
[Black "Arkell, Keith C"]
[Result "1-0"]
[WhiteElo "2625"]
[BlackElo "2464"]
[PlyCount "163"]
[EventDate "2010.??.??"]
[SourceDate "2010.01.02"]

1. d4 e6 2. e4 d5 3. Nc3 dxe4 4. Nxe4 Bd7 5. Nf3 Bc6 6. Bd3 Nd7 7. c4 Ngf6 8.
Nc3 Be7 9. O-O Bxf3 10. Qxf3 c6 11. Be3 O-O 12. Rad1 Qc7 13. Bb1 Rfe8 14. d5
exd5 15. cxd5 Nb6 16. dxc6 bxc6 17. Bd4 Nbd5 18. Rfe1 Bd6 19. g3 Be5 20. Ne4
Bxd4 21. Rxd4 Qb6 22. Rd2 Nxe4 23. Rxe4 Nf6 24. Ree2 Rxe2 25. Rxe2 Rd8 26. Bc2
Nd5 27. Bb3 Qc5 28. Qe4 g6 29. Rc2 Qb6 30. h4 h5 31. Qc4 Rd6 32. Qc5 Qxc5 33.
Rxc5 Nb4 34. Ra5 Rd7 35. Bc4 Nc2 36. Bf1 Ne1 37. Be2 Nc2 38. Bf3 Nd4 39. Bg2
Kf8 40. Rc5 Ke7 41. Rc4 Rd6 42. Ra4 Rd7 43. Rc4 Rd6 44. Kf1 Kd8 45. Ra4 Rd7 46.
Ra6 Rc7 47. Ra4 Rd7 48. Ra6 Rc7 49. Ke1 Re7+ 50. Kd1 Rd7 51. Kd2 Kc8 52. Kc3
Kb7 53. Ra4 Ne2+ 54. Kc2 Nd4+ 55. Kd3 Nf5+ 56. Kc3 Kb6 57. Rb4+ Kc7 58. Rc4 Ne7
59. Rd4 Rxd4 60. Kxd4 Kd6 61. Kc4 Nc8 62. Kb4 Nb6 63. b3 Nd7 64. Ka5 Nc5 65.
Bf1 Ne4 66. Bc4 Nxf2 67. Bxf7 Ne4 68. Bxg6 Nxg3 69. Ka6 Ne2 70. Kxa7 Nc1 71.
Bb1 Kc5 72. Kb7 Kb5 73. a4+ Ka5 74. Bc2 Ne2 75. Bd1 Nd4 76. b4+ Kxb4 77. Kb6 c5
78. a5 c4 79. a6 Nb5 80. Bxh5 c3 81. Bg6 Nd6 82. h5 1-0

[Event "Hastings Masters"]
[Site "?"]
[Date "2010.01.02"]
[Round "6"]
[White "Philippe, Christophe"]
[Black "Hracek, Zbynek"]
[Result "0-1"]
[WhiteElo "2430"]
[BlackElo "2624"]
[PlyCount "81"]
[EventDate "2010.??.??"]
[SourceDate "2010.01.02"]

1. e4 c5 2. Nc3 d6 3. Nf3 Nf6 4. d4 cxd4 5. Nxd4 a6 6. Bc4 e6 7. Bb3 Be7 8. Be3
O-O 9. Qe2 b5 10. O-O-O b4 11. Na4 Qc7 12. f3 Nbd7 13. g4 Nc5 14. g5 Nfd7 15.
h4 Nxa4 16. Bxa4 Nc5 17. Bb3 Nxb3+ 18. axb3 Bd7 19. h5 a5 20. g6 Bf6 21. Qh2 h6
22. gxf7+ Rxf7 23. Rhg1 a4 24. bxa4 Rxa4 25. Nb3 e5 26. Qd2 Be6 27. Kb1 Ra6 28.
Qxb4 Qc6 29. c3 Rb7 30. Na5 Ba2+ 31. Kc1 Rxb4 32. Nxc6 Rxc6 33. Bxh6 Bb3 34.
Rde1 Rb7 35. Bg5 Rf7 36. h6 g6 37. Kd2 Bxg5+ 38. Rxg5 Kh7 39. Reg1 Rf6 40. Ra1
Rxf3 41. Kc1 0-1

[Event "Hastings Masters"]
[Site "?"]
[Date "2010.01.02"]
[Round "6"]
[White "Eames, Robert S"]
[Black "Howell, David W L"]
[Result "0-1"]
[WhiteElo "2276"]
[BlackElo "2597"]
[PlyCount "80"]
[EventDate "2010.??.??"]
[SourceDate "2010.01.02"]

1. d4 Nf6 2. c4 g6 3. Nc3 d5 4. cxd5 Nxd5 5. e4 Nxc3 6. bxc3 Bg7 7. Nf3 c5 8.
Rb1 O-O 9. Be2 Nc6 10. d5 Ne5 11. Nxe5 Bxe5 12. Qd2 e6 13. f4 Bc7 14. O-O exd5
15. exd5 Ba5 16. f5 Bxf5 17. Rxb7 Qf6 18. Rf3 Qe5 19. Re3 Be4 20. Bf3 f5 21.
Rxe4 fxe4 22. Qh6 Bc7 23. Be2 Qxc3 24. Qd2 Qxd2 25. Bxd2 Rab8 26. Rxb8 Rxb8 27.
Bc4 Be5 28. Kf2 Rb2 29. Ke1 Kf8 30. Be3 Bd6 31. Kf1 Rb4 32. Bb3 c4 33. Bc2 Rb2
34. Bxe4 c3 35. Ke1 Rxa2 36. Kd1 a5 37. h4 a4 38. g4 a3 39. h5 Rb2 40. hxg6 a2
0-1

[Event "Hastings Masters"]
[Site "?"]
[Date "2010.01.02"]
[Round "6"]
[White "Giffard, Nicolas"]
[Black "Gormally, Daniel W"]
[Result "1/2-1/2"]
[WhiteElo "2351"]
[BlackElo "2479"]
[PlyCount "54"]
[EventDate "2010.??.??"]
[SourceDate "2010.01.02"]

1. d4 Nf6 2. c4 g6 3. Nc3 d5 4. e3 Bg7 5. Bd2 O-O 6. Rc1 e6 7. Nf3 Nbd7 8. cxd5
exd5 9. Nb5 c6 10. Nd6 Ne4 11. Nxc8 Rxc8 12. Be2 Qb6 13. b4 Nxd2 14. Qxd2 Nf6
15. O-O Ne4 16. Qe1 Ra8 17. Rb1 a5 18. bxa5 Qxa5 19. Qxa5 Rxa5 20. Rxb7 Rxa2
21. Bd3 c5 22. Bb1 Ra5 23. dxc5 Nxc5 24. Rb6 Rd8 25. g3 d4 26. exd4 Bxd4 27.
Kg2 Ne6 1/2-1/2

[Event "Hastings Masters"]
[Site "?"]
[Date "2010.01.02"]
[Round "6"]
[White "Furman, Boris"]
[Black "Kjartansson, Gudmundur"]
[Result "0-1"]
[WhiteElo "2223"]
[BlackElo "2391"]
[PlyCount "88"]
[EventDate "2010.??.??"]
[SourceDate "2010.01.02"]

1. d4 Nf6 2. c4 e6 3. Nc3 Bb4 4. g3 d5 5. cxd5 exd5 6. Bg2 O-O 7. Bg5 c6 8. Nf3
Nbd7 9. O-O Bd6 10. Qc2 h6 11. Bf4 Bxf4 12. gxf4 Nb6 13. e3 Ne8 14. Ne2 Nd6 15.
Ng3 Qf6 16. Ne5 Nf5 17. Ng4 Qg6 18. Ne5 Qf6 19. Ng4 Qe6 20. Nxf5 Qxf5 21. Qxf5
Bxf5 22. Ne5 f6 23. Nf3 a5 24. Rfc1 Nc4 25. b3 Na3 26. Bf1 g5 27. fxg5 hxg5 28.
Be2 Kf7 29. Rc5 Rh8 30. Rac1 Rh6 31. Nd2 Rh4 32. Nf1 Bd7 33. Ng3 f5 34. Nf1 Ke7
35. Bd3 Rh3 36. Be2 Kd6 37. Ng3 f4 38. Nf1 Bf5 39. R5c3 Nb1 40. Rc5 f3 41. Bd1
Bd3 42. Ng3 Nd2 43. Bc2 Rah8 44. Bxd3 Rxh2 0-1

[Event "Hastings Masters"]
[Site "?"]
[Date "2010.01.02"]
[Round "6"]
[White "Williams, Peter A"]
[Black "Ansell, Simon T"]
[Result "0-1"]
[WhiteElo "2012"]
[BlackElo "2387"]
[PlyCount "56"]
[EventDate "2010.??.??"]
[SourceDate "2010.01.02"]

1. f4 d6 2. Nf3 Bg4 3. e4 Nf6 4. d3 d5 5. e5 Nfd7 6. d4 e6 7. Be2 c5 8. c3 Nc6
9. Be3 Qb6 10. Qd2 Be7 11. O-O O-O 12. Na3 Bf5 13. dxc5 Bxc5 14. Nd4 Nxd4 15.
Bxd4 a6 16. b4 Bxd4+ 17. cxd4 f6 18. Kh1 Rac8 19. Rac1 Be4 20. b5 Rxc1 21. Qxc1
Qxd4 22. bxa6 bxa6 23. Qc6 Rf7 24. Qxe6 Nf8 25. Qxa6 Ra7 26. Nb5 Bxg2+ 27. Kxg2
Qe4+ 28. Bf3 Qg6+ 0-1

[Event "Hastings Masters"]
[Site "?"]
[Date "2010.01.02"]
[Round "6.9"]
[White "Strunski, Andreas"]
[Black "Sugden, John N"]
[Result "1-0"]
[WhiteElo "2386"]
[BlackElo "2219"]
[PlyCount "57"]
[EventDate "2010.??.??"]
[SourceDate "2010.01.02"]

1. d4 Nf6 2. c4 c5 3. d5 e5 4. Nc3 d6 5. e4 Be7 6. g3 O-O 7. Bg2 Ne8 8. Nge2
Nd7 9. O-O g6 10. Bh6 Ng7 11. Qd2 Nf6 12. h3 Kh8 13. Kh2 Ng8 14. Be3 f5 15. f4
exf4 16. Nxf4 Nf6 17. exf5 Bxf5 18. Rae1 Nfe8 19. g4 Bd7 20. Qd3 Bf6 21. Kh1
Kg8 22. Nxg6 hxg6 23. Qxg6 Bh4 24. Rxf8+ Kxf8 25. Rf1+ Kg8 26. Qf7+ Kh8 27.
Qf8+ Kh7 28. Be4+ Bf5 29. Rxf5 1-0

[Event "Hastings Masters"]
[Site "?"]
[Date "2010.01.02"]
[Round "6.10"]
[White "Hawkins, Jonathan"]
[Black "Demac, Elias"]
[Result "1-0"]
[WhiteElo "2383"]
[BlackElo "2084"]
[PlyCount "103"]
[EventDate "2010.??.??"]
[SourceDate "2010.01.02"]

1. d4 f5 2. g3 Nf6 3. Bg2 g6 4. Nf3 Bg7 5. O-O O-O 6. c4 d6 7. Nc3 Qe8 8. Re1
Qf7 9. e4 Nxe4 10. Nxe4 fxe4 11. Rxe4 Nc6 12. Be3 h6 13. d5 Ne5 14. Nxe5 dxe5
15. c5 a5 16. Qd2 Bf5 17. Ra4 e4 18. Bxe4 Bxe4 19. Rxe4 Rad8 20. Rd1 c6 21. d6
exd6 22. cxd6 Rd7 23. Qc2 Qf6 24. Re7 Rf7 25. Bc5 Bf8 26. Rde1 Kh7 27. R7e6 Qf5
28. Qxf5 gxf5 29. Kg2 a4 30. Kf3 b6 31. Bxb6 Rxd6 32. Rxd6 Bxd6 33. Re6 Rd7 34.
Be3 c5 35. Rxh6+ Kg7 36. Rh4 Ra7 37. Rc4 Ra5 38. Bd2 Ra6 39. h4 Kf7 40. h5 Ke6
41. h6 Be5 42. Rxc5 Bxb2 43. Kf4 Kf6 44. Rxf5+ Kg6 45. Kg4 Rd6 46. Bf4 Rd3 47.
Rg5+ Kh7 48. Rb5 Ba1 49. Kh5 Rd4 50. Rb7+ Kg8 51. h7+ Kh8 52. Be5# 1-0

[Event "Hastings Masters"]
[Site "?"]
[Date "2010.01.02"]
[Round "6.11"]
[White "Anderson, John"]
[Black "Williams, Simon K"]
[Result "1-0"]
[WhiteElo "2209"]
[BlackElo "2550"]
[PlyCount "103"]
[EventDate "2010.??.??"]
[SourceDate "2010.01.02"]

1. e4 g6 2. d4 Bg7 3. Nf3 d6 4. Be2 Bg4 5. O-O Nc6 6. Be3 e5 7. dxe5 dxe5 8. c3
Qxd1 9. Rxd1 Nf6 10. h3 Bd7 11. Nbd2 a5 12. Bb5 a4 13. Bc5 Ra5 14. c4 Nh5 15.
Nb1 Nf4 16. Nc3 Ne6 17. Bxc6 bxc6 18. Ba3 h5 19. b4 Ra8 20. b5 f6 21. Rab1 Bf8
22. Bxf8 Rxf8 23. bxc6 Bxc6 24. Nd5 Kf7 25. Ne1 Rfc8 26. Nc2 a3 27. Rd3 Ra4 28.
Rc3 Rca8 29. f3 R8a5 30. Kf2 Rc5 31. Rb4 Ra7 32. Rbb3 f5 33. Rxa3 Rxa3 34. Nxa3
Bxd5 35. exd5 Nf4 36. Nb1 Ke7 37. h4 e4 38. g3 Nd3+ 39. Ke3 Nb2 40. Kd4 Ra5 41.
fxe4 Rxa2 42. exf5 Ra1 43. Re3+ Kf6 44. Nc3 Kxf5 45. Re5+ Kf6 46. Re2 Na4 47.
Re6+ Kf5 48. Ra6 Nc5 49. Rxa1 Nb3+ 50. Kd3 Nxa1 51. Nb5 Nb3 52. Nd4+ 1-0

[Event "Hastings Masters"]
[Site "?"]
[Date "2010.01.02"]
[Round "6.12"]
[White "Mitchell, Martin"]
[Black "Breder, Dennis"]
[Result "1/2-1/2"]
[WhiteElo "2195"]
[BlackElo "2427"]
[PlyCount "194"]
[EventDate "2010.??.??"]
[SourceDate "2010.01.02"]

1. d4 Nf6 2. c4 e6 3. Nc3 Bb4 4. e3 O-O 5. Nge2 d5 6. a3 Bd6 7. c5 Be7 8. b4 c6
9. Nf4 Nbd7 10. Nd3 a5 11. Bb2 b6 12. Be2 Ba6 13. O-O Qc7 14. Na4 Bb5 15. Nc3
Bc4 16. Ne5 Bxe2 17. Qxe2 Nxe5 18. cxb6 Qxb6 19. dxe5 Nd7 20. bxa5 Rxa5 21. f4
Qa6 22. a4 Qxe2 23. Nxe2 Rfa8 24. Nd4 Bc5 25. Kf2 Bxd4 26. exd4 Rxa4 27. Rxa4
Rxa4 28. Ra1 Rxa1 29. Bxa1 h5 30. h3 Kh7 31. g4 Kg6 32. Kf3 f6 33. exf6 gxf6
34. f5+ exf5 35. gxh5+ Kxh5 36. Kf4 Kg6 37. h4 Nb6 38. h5+ Kf7 39. Kxf5 Nc4 40.
Bc3 Nd6+ 41. Kf4 Ne4 42. Bb4 Ng5 43. Kf5 Ne6 44. Bc3 Ng7+ 45. Kg4 f5+ 46. Kg5
f4 47. Kxf4 Nxh5+ 48. Ke5 Ke7 49. Bb4+ Kd7 50. Bc5 Kc7 51. Ke6 Nf4+ 52. Ke7 Nd3
53. Bd6+ Kb6 54. Bh2 Kb5 55. Kd7 Nc1 56. Be5 Nd3 57. Bg7 Nb4 58. Kd6 Nc2 59.
Bf6 Ne3 60. Bh8 Nc4+ 61. Kc7 Na5 62. Bg7 Nb3 63. Kd6 Na1 64. Bf6 Nc2 65. Bg7
Ne3 66. Bf6 Nf5+ 67. Ke5 Ng3 68. Bh8 Ne4 69. Ke6 Ng5+ 70. Kd7 Nf3 71. Kd6 Nh4
72. Ke6 Ng2 73. Be5 Ne3 74. Bf6 Ka6 75. Kd6 Kb6 76. Bd8+ Kb7 77. Bg5 Nf5+ 78.
Kc5 Kc7 79. Bf4+ Kd7 80. Be5 Ne3 81. Bh2 Ng4 82. Bf4 Nf2 83. Bh2 Ne4+ 84. Kb6
Nd2 85. Bg1 Nc4+ 86. Kc5 Kc7 87. Bh2+ Kb7 88. Bf4 Na3 89. Bc1 Nb5 90. Bf4 Nc7
91. Be5 Ne6+ 92. Kb4 Ng5 93. Bf4 Ne4 94. Be5 Kb6 95. Bg7 Kc7 96. Be5+ Kd7 97.
Bg7 Nf2 1/2-1/2

[Event "Hastings Masters"]
[Site "?"]
[Date "2010.01.02"]
[Round "6.14"]
[White "Snape, Ian L"]
[Black "Zdebskaja, Natalia"]
[Result "0-1"]
[WhiteElo "2176"]
[BlackElo "2408"]
[PlyCount "80"]
[EventDate "2010.??.??"]
[SourceDate "2010.01.02"]

1. Nf3 Nf6 2. c4 e6 3. g3 a6 4. Bg2 b5 5. Ne5 Ra7 6. O-O d6 7. Nd3 bxc4 8. Qa4+
Bd7 9. Qxc4 c5 10. b3 Be7 11. Bb2 O-O 12. Na3 Nc6 13. e3 Qc7 14. Rac1 Rb8 15.
Qc3 a5 16. Ra1 Nb4 17. Rfc1 Ne8 18. Nf4 Bf6 19. d4 cxd4 20. Qe1 Qd8 21. Nc4 d5
22. a3 dxc4 23. axb4 c3 24. Bxc3 dxc3 25. Nh5 Rxb4 26. Nxf6+ Qxf6 27. Rxc3 h6
28. Rd1 Qe7 29. h4 Nf6 30. Rcd3 Rc7 31. Qd2 Qc5 32. Bf3 Kf8 33. Qa2 Ke7 34. Qd2
Qc2 35. Rxd7+ Nxd7 36. Qd6+ Ke8 37. Qa6 Qc5 38. Qd3 Ke7 39. Kg2 g6 40. Rd2 Rb6
0-1

[Event "Hastings Masters"]
[Site "?"]
[Date "2010.01.02"]
[Round "6.15"]
[White "Salimbeni, George P W"]
[Black "Bates, Richard A"]
[Result "0-1"]
[WhiteElo "2162"]
[BlackElo "2383"]
[PlyCount "52"]
[EventDate "2010.??.??"]
[SourceDate "2010.01.02"]

1. e4 c5 2. c3 d6 3. d4 Nf6 4. Bd3 Nc6 5. Nf3 e5 6. d5 Ne7 7. Bg5 Ng6 8. Bb5+
Bd7 9. Bxf6 gxf6 10. a4 Bxb5 11. axb5 Qd7 12. Qa4 Be7 13. Nbd2 O-O 14. h4 f5
15. exf5 Qxf5 16. g3 a6 17. b6 Rae8 18. h5 e4 19. hxg6 fxg6 20. Nxe4 Qxf3 21.
O-O Bd8 22. Rae1 Re5 23. Re3 Qh5 24. Nxd6 Rxe3 25. g4 Qe5 26. Nc4 Qf4 0-1

[Event "Hastings Masters"]
[Site "?"]
[Date "2010.01.02"]
[Round "6.16"]
[White "Green, Andrew D"]
[Black "Eggleston, David J"]
[Result "1-0"]
[WhiteElo "2151"]
[BlackElo "2367"]
[PlyCount "65"]
[EventDate "2010.??.??"]
[SourceDate "2010.01.02"]

1. e4 e6 2. d3 d5 3. Qe2 Be7 4. Nf3 Nf6 5. g3 b5 6. Bg2 dxe4 7. dxe4 b4 8. Nbd2
Ba6 9. Nc4 Nc6 10. e5 Nd5 11. Qe4 Qb8 12. Ne3 Qd8 13. Bd2 Bc5 14. O-O-O Bxe3
15. Bxe3 Rb8 16. Qg4 Rg8 17. Qe4 Rh8 18. Qg4 Kf8 19. Ng5 Nce7 20. Qf3 Qe8 21.
Nxe6+ Kg8 22. Nc5 Bc4 23. Bh6 Qc6 24. e6 f5 25. Nd7 Rd8 26. Rhe1 gxh6 27. Qh5
Ng6 28. Qxf5 Rxd7 29. exd7 Kg7 30. Bxd5 Bxd5 31. Qxd5 Qxd5 32. Rxd5 Rd8 33. Re8
1-0

[Event "Hastings Masters"]
[Site "?"]
[Date "2010.01.02"]
[Round "6.17"]
[White "Kolbus, Dietmar"]
[Black "Maduekwe, Chiedu"]
[Result "1-0"]
[WhiteElo "2355"]
[BlackElo "2182"]
[PlyCount "74"]
[EventDate "2010.??.??"]
[SourceDate "2010.01.02"]

1. Nf3 Nf6 2. g3 d5 3. Bg2 c6 4. b3 Bg4 5. Bb2 Nbd7 6. d3 e6 7. Nbd2 Bd6 8. h3
Bh5 9. g4 Bg6 10. Nh4 Qe7 11. a3 a5 12. e3 O-O 13. Qe2 Nc5 14. Nxg6 hxg6 15. g5
Nfd7 16. h4 e5 17. Bh3 Rfd8 18. Qg4 Ne6 19. Nf3 a4 20. b4 e4 21. dxe4 Bxb4+ 22.
Kf1 dxe4 23. Qxe4 Bd6 24. Bxe6 Qxe6 25. Qxe6 fxe6 26. Ke2 Nb6 27. Nd2 Ra5 28.
c4 Rf5 29. Bd4 Nd7 30. Ne4 Be7 31. Rhb1 b5 32. Ng3 Rf7 33. cxb5 e5 34. Ba7 cxb5
35. Rxb5 Rc8 36. Ne4 Ra8 37. Rb7 Bf8 1-0

[Event "Hastings Masters"]
[Site "?"]
[Date "2010.01.02"]
[Round "6.18"]
[White "Knott, Simon J B"]
[Black "Griffiths, Ryan Rhys"]
[Result "1/2-1/2"]
[WhiteElo "2348"]
[BlackElo "2148"]
[PlyCount "72"]
[EventDate "2010.??.??"]
[SourceDate "2010.01.02"]

1. Nf3 c5 2. c4 Nc6 3. d4 cxd4 4. Nxd4 Qb6 5. Nb3 e6 6. Nc3 Nf6 7. a3 Be7 8. e4
O-O 9. Be3 Qc7 10. Be2 b6 11. Rc1 Ba6 12. O-O Ne5 13. Nb5 Bxb5 14. cxb5 Qb7 15.
f4 Ng6 16. e5 Nh4 17. Bf3 Nxf3+ 18. Qxf3 Qxf3 19. Rxf3 Nd5 20. Bd2 f5 21. Rff1
Rac8 22. Kf2 h6 23. Rxc8 Rxc8 24. Rc1 Rxc1 25. Nxc1 g5 26. Nd3 Kf7 27. Kf3 Kg6
28. h3 gxf4 29. Nxf4+ Nxf4 30. Bxf4 Bg5 31. g3 Bxf4 32. gxf4 Kf7 33. h4 Kg6 34.
a4 Kh5 35. Kg3 Kg6 36. Kf3 Kh5 1/2-1/2

[Event "Hastings Masters"]
[Site "?"]
[Date "2010.01.02"]
[Round "6.20"]
[White "Nilsen, Joachim Birger"]
[Black "Druckenthaner, Andreas"]
[Result "1/2-1/2"]
[WhiteElo "2126"]
[BlackElo "2296"]
[PlyCount "61"]
[EventDate "2010.??.??"]
[SourceDate "2010.01.02"]

1. d4 f5 2. Nc3 d5 3. Bf4 Nf6 4. e3 e6 5. Nb5 Bd6 6. Nxd6+ cxd6 7. Bd3 Nc6 8.
c3 e5 9. Bg3 O-O 10. Ne2 Be6 11. f3 Nh5 12. Qd2 Rb8 13. Bf2 Qg5 14. O-O f4 15.
exf4 Nxf4 16. Nxf4 exf4 17. Rfe1 Rbe8 18. Bf1 Bd7 19. Rxe8 Rxe8 20. Re1 Ne7 21.
Bg3 Ng6 22. Rxe8+ Bxe8 23. Bd3 Qe7 24. Bf2 Qf6 25. Qe1 Bf7 26. Qd1 Nf8 27. Qa4
a6 28. Qb3 Qe7 29. a4 g5 30. Qc2 Kg7 31. Qe2 1/2-1/2

[Event "Hastings Masters"]
[Site "?"]
[Date "2010.01.02"]
[Round "6.21"]
[White "De Coverly, Roger D"]
[Black "Getz, Nicolai"]
[Result "1-0"]
[WhiteElo "2109"]
[BlackElo "2270"]
[PlyCount "79"]
[EventDate "2010.??.??"]
[SourceDate "2010.01.02"]

1. e4 e5 2. Nf3 Nc6 3. Bb5 a6 4. Ba4 b5 5. Bb3 Na5 6. O-O d6 7. c3 Nxb3 8. axb3
Bb7 9. Qe2 Nf6 10. d4 Nxe4 11. dxe5 dxe5 12. Nbd2 Nxd2 13. Qxe5+ Be7 14. Nxd2
O-O 15. Nf3 Bd6 16. Qh5 Qd7 17. Be3 f5 18. Rad1 f4 19. Bc1 g6 20. Qh4 Bxf3 21.
gxf3 Qc6 22. Qg4 Rf5 23. Rd4 Raf8 24. Re1 Kg7 25. Rde4 Qc5 26. b4 Qd5 27. Kh1
h5 28. Qg1 Qd3 29. Qg2 c5 30. bxc5 Bxc5 31. Rg1 R8f6 32. b4 Bb6 33. Bb2 Qd2 34.
Ba1 Rc6 35. c4+ Kf7 36. c5 Bd8 37. Rd4 Qxd4 38. Bxd4 Rd5 39. Ba1 a5 40. Qf1 1-0

[Event "Hastings Masters"]
[Site "?"]
[Date "2010.01.02"]
[Round "6.22"]
[White "Jackson, James P"]
[Black "Talsma, Paul"]
[Result "1/2-1/2"]
[WhiteElo "2067"]
[BlackElo "2252"]
[PlyCount "73"]
[EventDate "2010.??.??"]
[SourceDate "2010.01.02"]

1. e4 e5 2. Nf3 Nc6 3. Bb5 a6 4. Ba4 Nf6 5. O-O Nxe4 6. d4 exd4 7. Re1 d5 8.
Nxd4 Bd6 9. Nxc6 Bxh2+ 10. Kh1 Qh4 11. Rxe4+ dxe4 12. Qd8+ Qxd8 13. Nxd8+ Kxd8
14. Kxh2 Be6 15. Be3 f5 16. Nd2 Kc8 17. f3 b5 18. Bb3 Bxb3 19. axb3 exf3 20.
Nxf3 Kb7 21. b4 Rhe8 22. Bc5 Rad8 23. Nd4 g6 24. c3 Re4 25. Nb3 Re2 26. Bd4
Rde8 27. Nc5+ Kc6 28. Rxa6+ Kd5 29. b3 R8e7 30. Rf6 Ra2 31. Kg3 Rd2 32. Kf3 Re1
33. Na6 Rd3+ 34. Kf2 Re7 35. Nc5 Rd2+ 36. Kf3 Re1 37. Na6 1/2-1/2

[Event "Hastings Masters"]
[Site "?"]
[Date "2010.01.02"]
[Round "6.23"]
[White "Grant, Alan G"]
[Black "Sreeves, Clement"]
[Result "1/2-1/2"]
[WhiteElo "2236"]
[BlackElo "2061"]
[PlyCount "72"]
[EventDate "2010.??.??"]
[SourceDate "2010.01.02"]

1. Nf3 Nf6 2. c4 g6 3. g3 Bg7 4. Bg2 O-O 5. O-O d6 6. Nc3 Nc6 7. d3 e5 8. Rb1
a5 9. a3 Nd4 10. Bg5 Ne6 11. Bxf6 Bxf6 12. b4 axb4 13. axb4 Bg7 14. Qb3 c6 15.
Ra1 Rb8 16. Ra7 Nd4 17. Qa3 Bg4 18. Rb1 Qf6 19. Nxd4 exd4 20. Ne4 Qe5 21. c5 d5
22. Nd6 b6 23. Re1 bxc5 24. bxc5 Bh6 25. Qa2 Be6 26. Bf1 Bg5 27. Rb1 h5 28.
Rxb8 Rxb8 29. Ra8 Rxa8 30. Qxa8+ Kh7 31. Qe8 Be3 32. fxe3 Qxe3+ 33. Kg2 h4 34.
Qb8 h3+ 35. Kh1 Qc1 36. Kg1 Qe3+ 1/2-1/2

[Event "Hastings Masters"]
[Site "?"]
[Date "2010.01.02"]
[Round "6.24"]
[White "Grant, David G"]
[Black "Worek, Joanna"]
[Result "1-0"]
[WhiteElo "2151"]
[BlackElo "2226"]
[PlyCount "65"]
[EventDate "2010.??.??"]
[SourceDate "2010.01.02"]

1. e4 c5 2. Nf3 d6 3. d4 cxd4 4. Nxd4 Nf6 5. Nc3 a6 6. Bg5 e6 7. f4 Be7 8. Qf3
Nbd7 9. O-O-O Qc7 10. g4 Rb8 11. Bxf6 Bxf6 12. g5 Bxd4 13. Rxd4 b5 14. a3 Qc5
15. Qd3 b4 16. axb4 Rxb4 17. Rxb4 Qxb4 18. Bg2 Nb6 19. Na2 Qc5 20. Rd1 Ke7 21.
b4 Qc7 22. b5 axb5 23. Qd4 Rg8 24. Nc3 Ba6 25. e5 Nc4 26. exd6+ Nxd6 27. Qe5
Qb8 28. Nd5+ Kd7 29. Nb4 Rc8 30. Nxa6 Qb6 31. Nb4 Rc4 32. Rxd6+ Qxd6 33. Qxb5+
1-0

[Event "Hastings Masters"]
[Site "?"]
[Date "2010.01.02"]
[Round "6.25"]
[White "Hansen, Victor"]
[Black "Collins, Sam E"]
[Result "1/2-1/2"]
[WhiteElo "2113"]
[BlackElo "2431"]
[PlyCount "83"]
[EventDate "2010.??.??"]
[SourceDate "2010.01.02"]

1. Nf3 Nf6 2. c4 g6 3. Nc3 Bg7 4. g3 O-O 5. Bg2 d6 6. O-O e5 7. d3 h6 8. Rb1
Nh5 9. e4 a5 10. a3 c6 11. b4 axb4 12. axb4 f5 13. Nh4 Qe8 14. exf5 gxf5 15.
Bf3 Nf6 16. Bb2 Na6 17. Na4 Be6 18. b5 Nc7 19. bxc6 bxc6 20. Ba3 e4 21. Bxd6
exf3 22. Bxc7 Ng4 23. Nc5 Bd4 24. Nxe6 Qxe6 25. Nxf3 Bxf2+ 26. Rxf2 Nxf2 27.
Kxf2 Ra2+ 28. Nd2 Qd7 29. Bf4 Qxd3 30. c5 Rd8 31. Qb3+ Qxb3 32. Rxb3 Rdxd2+ 33.
Bxd2 Rxd2+ 34. Ke3 Rd5 35. Rc3 Kf7 36. Kf4 Kf6 37. Rc4 Ke6 38. Kf3 Kf6 39. Kf4
Ke6 40. Kf3 Kf7 41. Ke3 Ke6 42. Kf3 1/2-1/2

[Event "Hastings Masters"]
[Site "?"]
[Date "2010.01.02"]
[Round "6.26"]
[White "Prosviriakov, Vladimir"]
[Black "Gregory, Stephen J"]
[Result "1-0"]
[WhiteElo "2311"]
[BlackElo "2126"]
[PlyCount "109"]
[EventDate "2010.??.??"]
[SourceDate "2010.01.02"]

1. Nf3 Nf6 2. d4 d6 3. g3 g6 4. Bg2 Bg7 5. c4 Nbd7 6. O-O O-O 7. Nc3 e5 8. h3
h6 9. e4 exd4 10. Nxd4 Re8 11. Re1 a6 12. Be3 Kh7 13. Qc2 Rb8 14. Rad1 Qe7 15.
f4 c5 16. Nb3 b6 17. Qd3 Bf8 18. Bf2 Bb7 19. g4 Ng8 20. Nd2 Qf6 21. Be3 Red8
22. Nf3 Qg7 23. Bf2 b5 24. b3 bxc4 25. bxc4 Bc6 26. Nd5 Qb2 27. Rd2 Qg7 28. e5
Bxd5 29. cxd5 Rb4 30. Bg3 Nb6 31. Qxa6 Ra8 32. Qe2 Ne7 33. Red1 Nec8 34. Kh2
Ra3 35. Rd3 Raa4 36. a3 Rb5 37. Nd2 c4 38. Rd4 dxe5 39. fxe5 Bc5 40. Rf4 Rxa3
41. Nxc4 Rxg3 42. Kxg3 g5 43. Rf5 Ne7 44. Rf6 Ng6 45. Nxb6 Rxb6 46. d6 Rb3+ 47.
Rf3 Rb8 48. Rf5 Nh4 49. Rf6 Ng6 50. Be4 Kg8 51. Bxg6 fxg6 52. Qc4+ Kh8 53. Qxc5
Rb3+ 54. Rf3 Qb7 55. Qd5 1-0

[Event "Hastings Masters"]
[Site "?"]
[Date "2010.01.02"]
[Round "6.27"]
[White "Rudd, Jack"]
[Black "Barton, R Alan"]
[Result "1/2-1/2"]
[WhiteElo "2296"]
[BlackElo "2119"]
[PlyCount "99"]
[EventDate "2010.??.??"]
[SourceDate "2010.01.02"]

1. e4 b6 2. d4 Bb7 3. Bd3 e6 4. Ne2 Ne7 5. O-O g6 6. c4 Bg7 7. Nbc3 O-O 8. f4
f5 9. d5 Na6 10. e5 Kh8 11. Bc2 g5 12. fxg5 Ng6 13. Nf4 Bxe5 14. Qe1 Bxf4 15.
Rxf4 Qe7 16. dxe6 dxe6 17. Rf2 Rad8 18. Re2 e5 19. Rf2 Nb4 20. Bxf5 Rxf5 21.
Rxf5 Nc2 22. Qf2 Nxa1 23. h4 Rf8 24. Rf6 Rxf6 25. gxf6 Qd6 26. Bg5 Qd4 27. Nb5
Qxf2+ 28. Kxf2 Kg8 29. Nxc7 Kf7 30. Nb5 Ba6 31. Na3 Nf8 32. b4 Nd7 33. Bc1 Kxf6
34. b5 Bb7 35. Bb2 Kf5 36. Bxa1 h5 37. Nc2 Nf6 38. Nb4 Ne4+ 39. Ke2 Nd6 40. Nc6
Nxc4 41. a4 a6 42. g3 axb5 43. axb5 e4 44. Bc3 Nd6 45. Nd4+ Kg4 46. Kf2 Nc4 47.
Nc2 Bc8 48. Bd4 Bd7 49. Ne3+ Nxe3 50. Bxe3 1/2-1/2

[Event "Hastings Masters"]
[Site "?"]
[Date "2010.01.02"]
[Round "6.28"]
[White "Addison, Bret C"]
[Black "Atako, Chino"]
[Result "1-0"]
[WhiteElo "2258"]
[BlackElo "2038"]
[PlyCount "65"]
[EventDate "2010.??.??"]
[SourceDate "2010.01.02"]

1. d4 f5 2. g3 Nf6 3. Bg2 g6 4. Nf3 Bg7 5. O-O O-O 6. c4 d6 7. Nc3 Qe8 8. Re1
Qf7 9. e4 Nxe4 10. Nxe4 fxe4 11. Rxe4 Nc6 12. Be3 Bf5 13. Rh4 h5 14. Qd2 e5 15.
dxe5 dxe5 16. Ng5 Qe7 17. Bd5+ Kh8 18. h3 Nd4 19. Bxd4 exd4 20. Re1 Qd8 21. g4
c6 22. Bg2 Bh6 23. f4 Bd3 24. gxh5 Bxc4 25. hxg6 Kg7 26. Qb4 Bxg5 27. Rh7+ Kxg6
28. Be4+ Kf6 29. fxg5+ Kxg5 30. Qxc4 Rf4 31. Bg2 Qb6 32. Qc1 Kf6 33. Qxf4+ 1-0

[Event "Hastings Masters"]
[Site "?"]
[Date "2010.01.02"]
[Round "6.29"]
[White "Tozer, Philip"]
[Black "Mason, Donald J"]
[Result "0-1"]
[WhiteElo "2106"]
[BlackElo "2255"]
[PlyCount "68"]
[EventDate "2010.??.??"]
[SourceDate "2010.01.02"]

1. c4 c5 2. g3 g6 3. Bg2 Bg7 4. Nc3 Nc6 5. d3 d6 6. e4 Nf6 7. Nge2 O-O 8. O-O
Ne8 9. f4 Bg4 10. h3 Bxe2 11. Nxe2 f5 12. exf5 gxf5 13. Be3 Qb6 14. Rb1 a5 15.
Qd2 Nc7 16. Rfd1 e5 17. Nc3 exf4 18. Bxf4 Nd4 19. Nd5 Nxd5 20. Bxd5+ Kh8 21.
Qg2 Rae8 22. Re1 Qb4 23. Bd2 Rxe1+ 24. Bxe1 Qa4 25. b3 Qe8 26. Bxb7 Qe3+ 27.
Bf2 Qxd3 28. Rf1 Ne2+ 29. Kh2 Be5 30. Qf3 Qc2 31. Kh1 Rg8 32. Bd5 Nxg3+ 33.
Bxg3 Rxg3 34. Qxf5 Rg1+ 0-1